Eloge de la societe de consommation

সংরক্ষণ করুন:
গ্রন্থ-পঞ্জীর বিবরন
প্রধান লেখক: Ruyer, Raymond
বিন্যাস: গ্রন্থ
ভাষা:Undetermined
প্রকাশিত: France Calmann-Levy 1969
বিষয়গুলি:
ট্যাগগুলো: ট্যাগ যুক্ত করুন
কোনো ট্যাগ নেই, প্রথমজন হিসাবে ট্যাগ করুন!
Thư viện lưu trữ: Trung tâm Học liệu Trường Đại học Cần Thơ
LEADER 00484nam a2200181Ia 4500
001 CTU_89853
008 210402s9999 xx 000 0 und d
082 |a 300 
082 |b R985 
100 |a Ruyer, Raymond 
245 0 |a Eloge de la societe de consommation 
245 0 |c Raymond Ruyer 
260 |a France 
260 |b Calmann-Levy 
260 |c 1969 
650 |a Economic history,Social history 
904 |i Mai Loan 
980 |a Trung tâm Học liệu Trường Đại học Cần Thơ